In wildest Africa / (Record no. 124059)
[ view plain ]
| 000 -LEADER | |
|---|---|
| fixed length control field | 00966nam a2200265 i 4500 |
| 001 - CONTROL NUMBER | |
| control field | 2635319 |
| 003 - CONTROL NUMBER IDENTIFIER | |
| control field | ARRUPE |
| 005 - DATE AND TIME OF LATEST TRANSACTION | |
| control field | 20160204141433.0 |
| 008 - FIXED-LENGTH DATA ELEMENTS--GENERAL INFORMATION | |
| fixed length control field | 760816s1907 enk 000 0 eng d |
| 035 ## - SYSTEM CONTROL NUMBER | |
| System control number | (OCoLC)ocm02377925 |
| 040 ## - CATALOGING SOURCE | |
| Original cataloging agency | CIT |
| Transcribing agency | CIT |
| Modifying agency | ZCU |
| 090 ## - LOCALLY ASSIGNED LC-TYPE CALL NUMBER (OCLC); LOCAL CALL NUMBER (OCLC) | |
| Classification number (OCLC) (R) ; Classification number, CALL (RLIN) (NR) | SK251 |
| Local cutter number (OCLC) ; Book number/undivided call number, CALL (RLIN) | .S35 1907b |
| 300 ## - PHYSICAL DESCRIPTION | |
| Other physical details | ill. ; |
| Dimensions | 25cm. |
| 100 1# - MAIN ENTRY--PERSONAL NAME | |
| Personal name | Schillings, C. G. |
| Fuller form of name | (Carl Georg), |
| Dates associated with a name | 1865-1921. |
| 9 (RLIN) | 21865 |
| 245 10 - TITLE STATEMENT | |
| Title | In wildest Africa / |
| Statement of responsibility, etc | by C. G. Schillings ; translated by Frederic Whyte. |
| 260 ## - PUBLICATION, DISTRIBUTION, ETC. (IMPRINT) | |
| Place of publication, distribution, etc | New York : |
| Name of publisher, distributor, etc | Harper and Brothers Publishers, |
| Date of publication, distribution, etc | 1907. |
| 300 ## - PHYSICAL DESCRIPTION | |
| Extent | vii, 688p. ; |
| 500 ## - GENERAL NOTE | |
| General note | "With over 300 photographic studies direct from the author's negatives, taken by day and night; and other illustrations." |
| 650 #0 - SUBJECT ADDED ENTRY--TOPICAL TERM | |
| Topical term or geographic name as entry element | Natural history |
| Geographic subdivision | Africa. |
| 9 (RLIN) | 5517 |
| 650 #0 - SUBJECT ADDED ENTRY--TOPICAL TERM | |
| Topical term or geographic name as entry element | Hunting |
| Geographic subdivision | Africa. |
| 9 (RLIN) | 5256 |
| 650 #0 - SUBJECT ADDED ENTRY--TOPICAL TERM | |
| Topical term or geographic name as entry element | Nature photography. |
| 9 (RLIN) | 21866 |
| 651 #0 - SUBJECT ADDED ENTRY--GEOGRAPHIC NAME | |
| Geographic name | Africa, Central |
| General subdivision | Description and travel. |
| 9 (RLIN) | 21867 |
| 700 ## - ADDED ENTRY--PERSONAL NAME | |
| Personal name | Whyte, Frederic |
| Relator term | tr. |
| 9 (RLIN) | 21998 |
| 942 ## - ADDED ENTRY ELEMENTS (KOHA) | |
| Source of classification or shelving scheme | Library of Congress Classification |
| Koha item type | SPC |
| Withdrawn status | Lost status | Source of classification or shelving scheme | Damaged status | Not for loan | Collection code | Home library | Current library | Shelving location | Date acquired | Total Checkouts | Full call number | Barcode | Date last seen | Price effective from | Koha item type |
|---|---|---|---|---|---|---|---|---|---|---|---|---|---|---|---|
| Library of Congress Classification | SPECIAL Collection | ARRUPE LIBRARY | ARRUPE LIBRARY | Reference | 27/01/2016 | SPC SK251.S35 | 46500006145 | 27/01/2016 | 27/01/2016 | SPC |